Top 10 Cities in Switzerland by picture - Statistics

General Stats
  • This quiz has been taken 87 times
  • The average score is 9 of 10
Answer Stats
Picture Hint Answer % Correct
G (204'000): UN European headquarters are based here Geneva
100%
B (135'000): Seat of Swiss government and parliament Bern
98%
B (174'000): Borders Germany and France. Known for its art fair and its soccer club. Basel
97%
Z (422'000): Economic and financial centre of Switzerland Zurich
97%
L (140'000): In French-speaking Switzerland. Seat of the International Olympic Committee. Lausanne
95%
L (83'000): Popular tourist destination in Central Switzerland Lucerne
84%
L (62'000): Main Italian-speaking Swiss city. Hint: It's located on a lake of the same name. Lugano
84%
W (114'000): Industrial city near (Z). Hint: Its name sounds like a combination of a season and a river Winterthur
82%
S (76'000): Catholic centre in Eastern Switzerland, named after a Saint St. Gallen
72%
B (55'000): Bilingual watchmakers' city. Hint: Its local TV station is called Tele Bielingue Biel/Bienne
69%
No matching quizzes found
Score Distribution
Percent of People with Each Score
Percentile by Number Answered
Your Score History
You have not taken this quiz